Department of Defense appropriations for 1977 : hearings before a subcommittee of the Committee on Appropriations, House of Representatives, Ninety-fourth Congress, second session ...
| Corporate Authors: | , |
|---|---|
| Format: | Government Document eBook |
| Language: | English |
| Published: |
Washington :
U.S. Govt. Print. Off,
1976.
|
| Series: | U.S. Congressional Hearings.
|
| Subjects: | |
| Online Access: | Connect to the full text of this electronic book Connect to the full text of this electronic book Connect to the full text of this electronic book Connect to the full text of this electronic book Connect to the full text of this electronic book Connect to the full text of this electronic book Connect to the full text of this electronic book Connect to the full text of this electronic book |
MARC
| Tag | First Indicator | Second Indicator | Subfields |
|---|---|---|---|
| LEADER | 00000cam a22000001a 4500 | ||
| 001 | in00003200220 | ||
| 006 | m d f | ||
| 007 | cr bn mmmapmmp | ||
| 008 | 090922s1976 dcua o f000 0 eng d | ||
| 005 | 20260511211758.6 | ||
| 035 | |a cis2007440538 | ||
| 040 | |a UMI |c UMI |d UtOrBLW | ||
| 043 | |a n-us--- | ||
| 074 | |a 1011 | ||
| 086 | 0 | |a Y 4.Ap 6/1:D 36/5/977/pt.1-8 | |
| 099 | |a HRG-1976-HAP-0011 | ||
| 099 | |a HRG-1976-HAP-0012 | ||
| 099 | |a HRG-1976-HAP-0065 | ||
| 099 | |a HRG-1976-HAP-0066 | ||
| 099 | |a HRG-1976-HAP-0068 | ||
| 099 | |a HRG-1976-HAP-0069 | ||
| 099 | |a HRG-1976-HAP-0070 | ||
| 099 | |a HRG-1976-HAP-0076 | ||
| 110 | 1 | |a United States. |b Congress. |b House. |b Committee on Appropriations. |b Subcommittee on Department of Defense. | |
| 245 | 1 | 0 | |a Department of Defense appropriations for 1977 : |b hearings before a subcommittee of the Committee on Appropriations, House of Representatives, Ninety-fourth Congress, second session ... |
| 264 | 1 | |a Washington : |b U.S. Govt. Print. Off, |c 1976. | |
| 300 | |a 1 online resource. | ||
| 336 | |a text |b txt |2 rdacontent | ||
| 337 | |a computer |b c |2 rdamedia | ||
| 338 | |a online resource |b cr |2 rdacarrier | ||
| 500 | |a Record is based on bibliographic data in ProQuest Congressional Hearings Digital Collection. Reuse except for individual research requires license from ProQuest, LLC. | ||
| 538 | |a System requirements: PDF reader software. | ||
| 500 | |a Electronic resource. | ||
| 610 | 1 | 0 | |a United States. |b Department of Defense |x Appropriations and expenditures. |
| 655 | 7 | |a Electronic books. |2 local | |
| 710 | 2 | |a ProQuest (Firm) | |
| 776 | 0 | 8 | |i Print version: |a United States. Congress. House. Committee on Appropriations. Subcommittee on Dept. of Defense. |t Department of Defense appropriations for 1977 |w (OCoLC)02176287 |w gp 77000951 |
| 776 | 0 | 8 | |i Microfiche version: |a United States. Congress. House. Committee on Appropriations. Subcommittee on Dept. of Defense. |t Department of Defense appropriations for 1977. |d [Bethesda, Md.] : ProQuest,[2004] |o CIS 76 H181-17 (pt.1) |o CIS 76 H181-18 (pt.2) |o CIS 76 H181-71 (pt.3) |o CIS 76 H181-72 (pt.4) |o CIS 76 H181-74 (pt.5) |o CIS 76 H181-75 (pt.6) |o CIS 76 H181-76 (pt.7) |o CIS 76 H181-81 (pt.8) |w (ProQuest)cis07600445 |
| 830 | 0 | |a U.S. Congressional Hearings. | |
| 856 | 4 | 0 | |u http://proxy.library.tamu.edu/login?url=https://congressional.proquest.com/congcomp/getdoc?HEARING-ID=HRG-1976-HAP-0011 |z Connect to the full text of this electronic book |t 0 |
| 856 | 4 | 0 | |u http://proxy.library.tamu.edu/login?url=https://congressional.proquest.com/congcomp/getdoc?HEARING-ID=HRG-1976-HAP-0012 |z Connect to the full text of this electronic book |t 0 |
| 856 | 4 | 0 | |u http://proxy.library.tamu.edu/login?url=https://congressional.proquest.com/congcomp/getdoc?HEARING-ID=HRG-1976-HAP-0065 |z Connect to the full text of this electronic book |t 0 |
| 856 | 4 | 0 | |u http://proxy.library.tamu.edu/login?url=https://congressional.proquest.com/congcomp/getdoc?HEARING-ID=HRG-1976-HAP-0066 |z Connect to the full text of this electronic book |t 0 |
| 856 | 4 | 0 | |u http://proxy.library.tamu.edu/login?url=https://congressional.proquest.com/congcomp/getdoc?HEARING-ID=HRG-1976-HAP-0068 |z Connect to the full text of this electronic book |t 0 |
| 856 | 4 | 0 | |u http://proxy.library.tamu.edu/login?url=https://congressional.proquest.com/congcomp/getdoc?HEARING-ID=HRG-1976-HAP-0069 |z Connect to the full text of this electronic book |t 0 |
| 856 | 4 | 0 | |u http://proxy.library.tamu.edu/login?url=https://congressional.proquest.com/congcomp/getdoc?HEARING-ID=HRG-1976-HAP-0070 |z Connect to the full text of this electronic book |t 0 |
| 856 | 4 | 0 | |u http://proxy.library.tamu.edu/login?url=https://congressional.proquest.com/congcomp/getdoc?HEARING-ID=HRG-1976-HAP-0076 |z Connect to the full text of this electronic book |t 0 |
| 998 | |a cis07600445 | ||
| 999 | |a MARS | ||
| 999 | f | f | |s 282572ee-081a-36c1-ae32-c44cedb39f18 |i a6e1087d-7a9b-32bd-8193-86b797cea785 |t 0 |
| 952 | f | f | |a Texas A&M University |b College Station |c Electronic Resources |s www_evans |d Available Online |t 0 |e HRG-1976-HAP-0076 |h Other scheme |
| 998 | f | f | |a HRG-1976-HAP-0076 |t 0 |l Available Online |